| 000 | 01085nam a22003377a 4500 | ||
|---|---|---|---|
| 001 | 0014050 | ||
| 003 | KOHA_MİRAKIL | ||
| 005 | 20260207001940.0 | ||
| 007 | ta | ||
| 008 | 100224b1991 tu |||gr||||#||||1|tur | | ||
| 040 |
_aTR-BiSEU _btur _cTR-BiSEU _erda |
||
| 041 | 0 | _atur | |
| 044 | _ctu | ||
| 050 |
_aPQ2643 _b.D86 1991 |
||
| 100 | 1 | _aVildrac, Ch.. | |
| 245 | 1 |
_aDünya gözüyle/ _cCh. Vildrac ; Ch. Vildrac; çeviren Nurullah Ataç. |
|
| 264 | 1 |
_aAnkara : _bM.E.B. _c1991 |
|
| 300 | _a63 sayfa; 17 cm. | ||
| 336 |
_ametin _btxt _2rdacontent |
||
| 337 |
_aaracısız _bn _2rdamedia |
||
| 338 |
_acilt _bnc _2rdacarrier |
||
| 490 | 1 |
_aMilli Eğitim Bakanlığı yayınları ; _v2068. |
|
| 490 | 1 |
_aBilim ve kültür eserleri dizisi ; _v379. |
|
| 490 | 1 |
_aTiyatro eserleri ; _v36. |
|
| 650 | 0 |
_aFransız edebiyatı--drama. _931307 |
|
| 650 | 0 |
_aFrench drama. _932887 |
|
| 830 | 1 |
_aMilli Eğitim Bakanlığı yayınları ; _v2068. _97828 |
|
| 830 | 1 |
_aBilim ve kültür eserleri dizisi ; _v379. _912823 |
|
| 830 | 1 |
_aTiyatro eserleri ; _v36. _930809 |
|
| 942 |
_2lcc _cBK |
||
| 999 |
_c14013 _d14013 |
||